000 00302nam a22001337a 4500
008 181024b xxu||||| |||| 00| 0 eng d
020 _a9780077283773
041 _aeng
080 _212th
_a611
100 _a6
101 _aANA
245 _aHuman Anatomy & Physiology
_cMartin,T.R
942 _2udc
_cBK
999 _c50805
_d50805